| 000 | 00861nam a22001937a 4500 | ||
|---|---|---|---|
| 008 | 100707s2005 xxu||||| |||| 00| 0 ara d | ||
| 082 |
_222 _a363.7 _bح س ن |
||
| 100 | 1 |
_916042 _aالحسن ، فيصل المصطفى |
|
| 245 |
_aماذا لو فاض البحر ؟ : _bأوراق بيئية / _cفيصل المصطفى الحسن |
||
| 260 |
_aدمشق : _bمنشورات وزارة الثقافة ، _c2005. |
||
| 300 |
_a183 ص : _c24 سم. |
||
| 500 | _aيحتوي على فهرس | ||
| 541 |
_aألف باء ؛ _cشراء ؛ |
||
| 650 |
_916043 _aالبيئة |
||
| 650 |
_916044 _aحماية البيئة |
||
| 650 |
_916045 _aالبيئة _xإحصاءات |
||
| 942 |
_2ddc _cBB |
||
| 999 |
_c14431 _d14431 |
||